000 00283nam a22001217a 4500
020 _a0-7214-0923-7
082 _a823
_bMCC/W
100 _aMCCULLAGH, SHEILA
245 _aTHE WIDEAWAKE MICE FIND A NEW HOME
260 _aUK
_bLADYBIRD
650 _aENGLISH SHORT STORY
_zUK
942 _cBK
999 _c4133
_d4133